المرونة النفسية كمتغير وسيط بين الوعي الصحي وعلاقته بتغيير نمط الحياة لدى مرضى السمنة / (رقم التسجيلة. 180048)

تفاصيل مارك
000 -LEADER
fixed length control field 04418namaa22004211i 4500
003 - CONTROL NUMBER IDENTIFIER
control field OSt
005 - أخر تعامل مع التسجيلة
control field 20260510102910.0
008 - FIXED-LENGTH DATA ELEMENTS--GENERAL INFORMATION
fixed length control field 250827s2024 ua a|||frm||| 000 0 eng d
040 ## - CATALOGING SOURCE
Original cataloguing agency EG-GICUC
Language of cataloging ara
Transcribing agency EG-GICUC
Modifying agency EG-GICUC
Description conventions rda
041 0# - LANGUAGE CODE
Language code of text/sound track or separate title ara
Language code of summary or abstract ara
-- eng
049 ## - Acquisition Source
Acquisition Source إيداع
082 04 - DEWEY DECIMAL CLASSIFICATION NUMBER
Classification number 616.398
092 ## - LOCALLY ASSIGNED DEWEY CALL NUMBER (OCLC)
Classification number 616.398
Edition number 21
097 ## - Degree
Degree مــــاجستير
099 ## - LOCAL FREE-TEXT CALL NUMBER (OCLC)
Local Call Number Cai01.23.04.M.Sc.2024.أم.م
100 0# - MAIN ENTRY--PERSONAL NAME
Authority record control number or standard number ،أماني السيد عبد الحميد السيد ساري
Preparation إعداد.
245 10 - TITLE STATEMENT
Title المرونة النفسية كمتغير وسيط بين الوعي الصحي وعلاقته بتغيير نمط الحياة لدى مرضى السمنة /
Statement of responsibility, etc. إعداد أماني السيد عبد الحميد السيد ساري؛ إشراف أ.د.منال عبد النعيم محمد طه،د.نفيسـة فوزي عمــر.
246 15 - VARYING FORM OF TITLE
Title proper/short title Psychological flexibility as a mediator variable between health awareness,change lifestyle in patients with obesity /
264 #0 - PRODUCTION, PUBLICATION, DISTRIBUTION, MANUFACTURE, AND COPYRIGHT NOTICE
Date of production, publication, distribution, manufacture, or copyright notice 2024.
300 ## - PHYSICAL DESCRIPTION
Extent 130 صفحة :
Other physical details إيضاحيات ؛
Dimensions 25 سم. +
Accompanying material CD.
336 ## - CONTENT TYPE
Content type term text
Source rda content
337 ## - MEDIA TYPE
Media type term Unmediated
Source rdamedia
338 ## - CARRIER TYPE
Carrier type term volume
Source rdacarrier
502 ## - DISSERTATION NOTE
Dissertation note أطروحة (ماجستير)-جامعة القاهرة، 2024.
504 ## - BIBLIOGRAPHY, ETC. NOTE
Bibliography, etc. note ببليوجرافيا: صفحات 103-119.
520 ## - SUMMARY, ETC.
Summary, etc. هدفت الدراسة إلى محاولة التوصل إلى نموذج بنائي سببي يُفسر العلاقة بين الوعي الصحي ونمط الحياة، وإستكشاف الدور الوسيط للمرونة النفسية بينهما. تكونت عينة الدراسة من (206) فرد مصاب بداء السمنة من الذكور والإناث . تراوحت اعمارهم ما بين (22-59) عاما. بمتوسط حسابي (35,67) وانحراف معياري (7,013). استخدمت الدراسة الأدوات التالية : مقياس الوعي الصحي (إعداد الباحثة). مقياس نمط الحياة إعداد Gholamalishahi,et al.,2022)) وتعريب الباحثة، ومقياس المرونة النفسية (إعداد الباحثة).أشارت النتائج إلى وجود علاقة مباشرة وغير مباشرة بين المرونة النفسية والوعي الصحي. ووجود تأثير مباشر وغير مباشر بين المرونة النفسية ونمط الحياة. وأيضا وجود علاقة بين الوعي الصحي ونمط الحياة، وتلعب المرونة النفسية دور وسيط بين الوعي الصحي ونمط الحياة لدى مرضى السمنة.
520 ## - SUMMARY, ETC.
Summary, etc. The study aimed to try to reach a causal structural model that explains the relationship between health awareness, lifestyle, and psychological flexibility. The study sample consisted of (206) individuals suffering from obesity. Their ages ranged between (21-59) years. With an arithmetic mean (35.67) and a standard deviation (7.013). The study used the following tools: Psychological Flexibility Scale (prepared by the researcher). Lifestyle scale prepared by (Gholamalishahi,et al.,2022) and the Psychological Flexibility Scale (prepared by the researcher). The results indicated a direct and indirect relationship between psychological flexibility and health awareness. There is a direct and indirect relationship between psychological flexibility and lifestyle. There is also a relationship between health awareness and lifestyle. Psychological flexibility plays a mediating role between health awareness and lifestyle among adult patients with obesity.
530 ## - ADDITIONAL PHYSICAL FORM AVAILABLE NOTE
Issues CD صدر أيضًا كقرص مدمج.
546 ## - LANGUAGE NOTE
Text Language النص بالعربية والملخص باللغة الإنجليزية والعربية.
650 #7 - SUBJECT ADDED ENTRY--TOPICAL TERM
Topical term or geographic name entry element السمنة
Source of heading or term qrmak
653 #0 - INDEX TERM--UNCONTROLLED
Uncontrolled term المرونة النفسية
-- الوعى الصحى
-- مرضى السمنة
700 0# - ADDED ENTRY--PERSONAL NAME
Personal name منال عبد النعيم محمد طه
Relator term مشرف أطروحة.
700 0# - ADDED ENTRY--PERSONAL NAME
Personal name نفيسـة فوزي عمــر
Relator term مشرف أطروحة.
900 ## - Thesis Information
Grant date 21-02-2024
Supervisory body منال عبد النعيم محمد طه
-- نفيسـة فوزي عمــر
Discussion body رشا محمد
-- عمرو رمضان عطايا
Universities جامعة القاهرة
Faculties كلية الدراسات العليا للتربية
Department قسم إرشاد نفسي
905 ## - Cataloger and Reviser Names
Cataloger Name Sara Salah
942 ## - ADDED ENTRY ELEMENTS (KOHA)
Source of classification or shelving scheme Dewey Decimal Classification
Koha item type Thesis
Edition 21
Suppress in OPAC No
المقتنيات
Source of classification or shelving scheme Home library Current library Date acquired Inventory number Full call number Barcode Date last seen Effective from Koha item type
Dewey Decimal Classification المكتبة المركزبة الجديدة - جامعة القاهرة قاعة الرسائل الجامعية - الدور الاول 10.05.2026 33186 Cai01.23.04.M.Sc.2024.أم.م 01010100033186000 10.05.2026 10.05.2026 Thesis
Cairo University Libraries Portal Implemented & Customized by: Eng. M. Mohamady Contacts: new-lib@cl.cu.edu.eg | cnul@cl.cu.edu.eg
CUCL logo CNUL logo
© All rights reserved — Cairo University Libraries
CUCL logo
Implemented & Customized by: Eng. M. Mohamady Contact: new-lib@cl.cu.edu.eg © All rights reserved — New Central Library
CNUL logo
Implemented & Customized by: Eng. M. Mohamady Contact: cnul@cl.cu.edu.eg © All rights reserved — Cairo National University Library